00000000nam##2200000za#4500
0019.667122
003CaOODSP
00520220505163029
007ta
008150407|2005||||xxc|||||     f|0| 0 fre|d
020 |a0-662-69524-0
040 |aCaOODSP|bfre
041 |aeng
041 |afre
043 |an-cn---
0861 |aHP5-11/2005
1102 |aAgence de santé publique du Canada.
24510|aAccroître la capacité de surveillance des facteurs de risque et des déterminants reliées aux maladies chroniques / |cpréparé par Comité consultatif sur la santé de la population et la sécurité de la snaté pour le Groupe de travail sur les systèmes de surveillance des facteurs de risque reliés aux maladies chroniques.
260 |aOttawa - Ontario : |bAgence de santé publique du Canada |c©2005.
300 |aTexte français, vii, 44p. : |bfigures, tableau ; |c28 cm.
500 |a«Rapport juin 2005»
5203 |aCe rapport d’un groupe de travail présente une stratégie visant à renforcer la surveillance des facteurs de risque des maladies chroniques au Canada par tous les niveaux de gouvernement. Il traite des principes de la surveillance des facteurs de risque et décrit plusieurs programmes de surveillance en place. Il aborde la coordination et l’identification des besoins en matière de données, la collecte des données, les produits de la surveillance et les lois et règlements existants. Enfin, il recommande des secteurs stratégiques pour l’élaboration d’une stratégie de surveillance coordonnée. Des sources consultées et un glossaire sont fournis en annexe.
563 |aCouverture souple
590 |a08-06|b2008-02-08
69107|aMaladie chronique|2gcpds
69107|aContrôle|2gcpds
7760#|tEnhancing capacity for surveillance of chronic disease risk factors and determinants |w(CaOODSP)9.687967
791 |tEnhancing capacity for surveillance of chronic disease risk factors and determinants / |eeng|w(CaOODSP)9.667121